<An> investigation into the power of insiders in wage determination.
Výskum významu úlohy vnútorných faktorov rozhodovaní o mzdách. Odborárske a neodborárske modely správania sa miezd. Mzdy ako konvexná kombinácia vnútorných a vonkajších faktorov. Model stanovovania miezd v priemysle - údaje zo 14 britských priemyselných odvetví.
Salvato in:
| Autore principale: | |
|---|---|
| Altri autori: | |
| Natura: | Capitolo di libro |
| Lingua: | inglese |
| Soggetti: | |
| Tags: |
Nessun Tag, puoi essere il primo ad aggiungerne!!
|
MARC
| LEADER | 00000naa a2200000 4500 | ||
|---|---|---|---|
| 001 | r011914 | ||
| 005 | 20221130112814.5 | ||
| 041 | 0 | |a eng | |
| 044 | |a NL | ||
| 245 | 1 | 0 | |a <An> investigation into the power of insiders in wage determination. |c S. Nickell, P. Kong |
| 520 | |a Výskum významu úlohy vnútorných faktorov rozhodovaní o mzdách. Odborárske a neodborárske modely správania sa miezd. Mzdy ako konvexná kombinácia vnútorných a vonkajších faktorov. Model stanovovania miezd v priemysle - údaje zo 14 britských priemyselných odvetví. | ||
| 610 | 2 | 0 | |a mzdy |
| 610 | 2 | 0 | |a odbory |
| 610 | 2 | 0 | |a modely |
| 610 | 2 | 0 | |a priemysel |
| 610 | 2 | 0 | |a Veľká Británia |
| 610 | 2 | 0 | |a testovanie hypotéz |
| 100 | 1 | |a Nickell, S. | |
| 700 | 1 | |a Kong, P. | |